000 00321 a2200109 4500
001 ART_49255
005 20260410162042.0
008 260409a
245 1 0 _aRégimen de facilidades de pago. Resolución general 4477
100 1 _aBaldo, Alberto
773 0 _tImpuestos
_g- N°54 (jun. 2019)
_wREV45175
999 _c35021
_d35021